Cuatro para Delfina

Збережено в:
Бібліографічні деталі
Автор: Donoso, José (Автор)
Формат: Книга
Мова:Іспанська
Опубліковано: Barcelona Seix Barral 1982
Серія:Biblioteca Breve
Предмети:
Теги: Додати тег
Немає тегів, Будьте першим, хто поставить тег для цього запису!

MARC

LEADER 00000nam a2200000 a 4500
001 UCQ2298
003 CL-VaPUC
008 980724e19820000SP |||||||||||||||||spa|d
082 0 4 |a Ch863  |b DON  |2 21 
100 0 |a Donoso, José  |e author  |9 313758 
245 1 0 |a Cuatro para Delfina 
300 |a 268 p 
942 |c BK 
945 |d 19980724 00:00:00  |a lriquelm 
260 |a Barcelona  |b Seix Barral  |c 1982 
650 0 |a Novelas chilenas   |9 265425 
650 0 |a Literatura chilena   |9 308278 
583 |a last modification  |c 19980724 00:00:00  |k Rodrigo Vera 
490 0 |a Biblioteca Breve 
999 |c 273132  |d 273130 
952 |0 0  |1 0  |4 0  |6 CH_863_000000000000000_DON_1982  |7 0  |8 A  |9 308471  |a BIBEDU  |b BIBEDU  |d 2019-11-20  |i 1444948  |o Ch863 DON 1982  |p 1444948  |r 2019-11-20  |w 2019-11-20  |y BK  |k LIT 
952 |0 0  |1 0  |4 0  |6 CH_863_000000000000000_DON_1982  |7 0  |8 A  |9 308472  |a BIBEDU  |b BIBEDU  |d 2019-11-20  |i 3712311  |o Ch863 DON 1982  |p 3712311  |r 2019-11-20  |w 2019-11-20  |y BK  |k LIT